000 01051nam a2200301 i 4500
003 DO-SdBNP
005 20251118094347.0
007 ta
008 230609b2014 dr ||||| |||| 00| 0 spa d
020 _a9789945007947
040 _aDO-SdBNP
_bspa
_cBNPHU
_erda
041 _aspa
082 4 _aRD860.9
_bS787n 2014
_222
100 1 _aStanley, Avelino,
_d1959-
_eautor
_4aut.
_91536
245 1 3 _aLa novela dominicana contemporánea /
_cAvelino Stanley.
250 _aSegunda edición
264 1 _aSanto Domingo :
_bFUNDESEP
_bMinisterio de Educación,
_c2014.
300 _a78 páginas ;
_c22 cm.
336 _atexto
_btxt
_2rdacontent
337 _asin mediación
_bn
_2rdamedia
338 _avolumen
_bnc
_2rdacarrier
590 _aInventariado, 2023/BT
650 4 _aNovela dominicana
_xHistoria y crítica
_92210
650 4 _aLiteratura dominicana
_xHistoria y crítica
_9159
710 2 _aFundación de Estudios Económicos y Políticos (República Dominicana)
_966767
910 _aBtavárez/Validado. Control de calidad MFF
942 _2ddc
_cLBS1
999 _c53750
_d53750